Colinvauxʾs law of insurance /
Deals with the policies of insurance, parties to insurance and types of insurance. The basis of the formation and construction of the insurance contract is examined, with consideration given to life, accident, fire, liability, motor vehicle and guarantee insurance.
Enregistré dans:
| Auteur principal: | |
|---|---|
| Autres auteurs: | |
| Format: | Livre |
| Publié: |
London :
Sweet & Maxwell,
1990.
|
| Édition: | 6th ed. |
| Collection: | Insurance practitioners library
|
| Sujets: | |
| Tags: |
Ajouter un tag
Pas de tags, Soyez le premier à ajouter un tag!
|
MARC
| LEADER | 00000cam a2200000 a 4500 | ||
|---|---|---|---|
| 020 | |a 0421385707 |c TZS 196,574.40 | ||
| 040 | |a MUL |b eng |e AACR | ||
| 082 | 0 | 0 | |a 344.20686 COL |
| 100 | 1 | |a Colinvaux, Raoul P. | |
| 240 | 1 | 0 | |a Law of insurance |
| 245 | 0 | 0 | |a Colinvauxʾs law of insurance / |c Raoul P. Colinvaux, edited by Robert Merkin. |
| 250 | |a 6th ed. | ||
| 260 | |a London : |b Sweet & Maxwell, |c 1990. | ||
| 300 | |a lxxix, 444 p. ; |c 26 cm. | ||
| 440 | 0 | |a Insurance practitioners library | |
| 500 | |a Rev. ed. of: The law of insurance. 5th ed. 1984. | ||
| 504 | |a Includes bibliographical references and index. | ||
| 520 | |a Deals with the policies of insurance, parties to insurance and types of insurance. The basis of the formation and construction of the insurance contract is examined, with consideration given to life, accident, fire, liability, motor vehicle and guarantee insurance. | ||
| 650 | 0 | |a Insurance law |z Great Britain. | |
| 650 | 0 | |a Claims and arbitration | |
| 650 | 0 | |a Insurance | |
| 700 | 1 | |a Merkin, Robert M. | |
| 942 | |c BK | ||
| 999 | |c 1022 |d 1022 | ||